000 00695nam a2200289Ia 4500
005 20260324120921.0
008 008 260324s9999 xx 000 0 eng d
020 _a9781315884684
037 _aEBOOK
040 _aCRL
040 _beng
040 _cCRL
041 _2eng
041 _aeng
084 _qCRL
100 _aDavid Moshman
_91160473
245 0 _aEpistemic Cognition and Development
245 4 _bThe Psychology of Justification and Truth
260 _bTaylor and Francis
260 _c2014
365 _a
365 _b240
856 _uhttp://www.taylorfrancis.com/books/9781315884684
942 _cEBOOK
999 _c1752261
_d1752261